000 00574nam a2200241 a 4500
001 nice12345678
003 IN_TiNIC
005 20260116011933.0
008 050524s1968 lona grp 000 0 eng
020 _a
_c140.7
082 0 0 _a201
_bCOB
100 _aCobb, John B
245 _aStructure of Christian Existence
260 _aLondon
_bLutterworth Educational
_c1968
300 _a160p
500 _aincludes index and biblioraphy
505 2 _aIndex
650 _aChristianity
700 1 _aCobb, John B
902 _bSRS
942 _cBK
999 _c4973
_d4973